Top 10 países europeos más grandes - Estadísticas

Estadísticas generales
  • Esta prueba ha sido intentada 11.100 veces
  • La puntuación promedio es 10 de 10
Estadísticas de respuestas
km2 País % Correcto
505 992 España
99%
551 500 Francia
99%
3 960 000 Rusia
99%
357 168 Alemania
98%
301 336 Italia
95%
603 500 Ucrania
94%
312 685 Polonia
93%
450 295 Suecia
93%
323 802 Noruega
92%
338 145 Finlandia
91%
No se encontraron pruebas coincidentes
Distribución de puntuación
Porcentaje de gente con cada puntuación
Porcentaje por número respondido
Historial de tus puntuaciones
No has intentado esta prueba.